• 首页
  • 本馆介绍
  • 公告通知
  • 最新文献
  • 馆藏检索
  • 电子资源
  • 读者导购
  • 参考咨询
  • 我的图书馆
  • 登录
  • 详细信息显示
  • 放入我的书架
  • 预约/预借图书
  • 作者相关作品
  • 分类相关作品
  • 丛书相关作品
  • 出版社相关作品

书目信息

  • 表格格式
  • 工作单格式
  • 卡片格式
题名:
阳台蔬菜园艺
    
 
作者: 王梓天 著
分册:  
出版信息: 北京   电子工业出版社  2013
页数: 194页
开本: 26cm
丛书名:
单 册:
中图分类: S63 , J419.5
科图分类:
主题词: 蔬菜园艺 , 蔬菜--摄影艺术 , 蔬菜 , 摄影艺术
电子资源:
ISBN: 978-7-121-20166-0
000 00905nam0 2200289 450
001 006760148
005 20130826160542.0
010    @a978-7-121-20166-0@dCNY59.80
100    @a20140429d2013 em y0chiy50 ea
101 0  @achi
102    @aCN@b110000
105    @aa z 000yy
106    @ar
200 1  @a阳台蔬菜园艺@Ayang tai shu cai yuan yi@e种植、美食、摄影@f王梓天著
210    @a北京@c电子工业出版社@d2013
215    @a194页@c彩图@d26cm
300    @a园艺·梦想·家
330    @a本书不仅迎合了未来阳台花园发展的趋势,同时还细致地告诉我们如何种出精品蔬菜、如何吃好各种蔬菜、如何欣赏和拍摄蔬菜美图。
606 0  @a蔬菜园艺
606 0  @a蔬菜@x摄影艺术
606 0  @a蔬菜
606 0  @a摄影艺术
690    @aS63@v5
690    @aJ419.5@v5
701  0 @a王梓天@Awang zi tian@4著
801  0 @aCN@b碧洲教育@c20150812
905    @a10447@b208706177@b208706186@b208706195@b208706202@f4@dS63@e314
    
    阳台蔬菜园艺:种植、美食、摄影/王梓天著.-北京:电子工业出版社,2013
    194页:彩图;26cm
    园艺·梦想·家
    
    ISBN 978-7-121-20166-0:CNY59.80
    本书不仅迎合了未来阳台花园发展的趋势,同时还细致地告诉我们如何种出精品蔬菜、如何吃好各种蔬菜、如何欣赏和拍摄蔬菜美图。
●
相关链接 在E读中查询图书 在五车中查询图书 在当当中查询图书 在豆瓣中查询图书


正题名:阳台蔬菜园艺     索取号:S63/314         预约/预借

序号 登录号 条形码 馆藏地/架位号 状态 备注
1 0863783   208637830   第二样本阅览室/ [索取号:S63/314] 在馆    
2 0863784   208637849   第三借阅区/ [索取号:S63/314] 在馆    
3 0863785   208637858   第三借阅区/ [索取号:S63/314] 在馆    
4 0863786   208637867   第三借阅区/ [索取号:S63/314] 在馆    
5 0870617   208706177   第三借阅区/ [索取号:S63/314] 在馆    
6 0870618   208706186   第三借阅区/ [索取号:S63/314] 在馆    
7 0870619   208706195   第三借阅区/ [索取号:S63/314] 在馆    
8 0870620   208706202   第三借阅区/ [索取号:S63/314] 在馆    
唐山师范学院图书馆 欢迎您!
大连网信软件有限公司© 版权所有